Kielczanie, Warmiacy i Mazurzy / (Rekord nr 26997)
| 000 -Nagłówek | |
|---|---|
| fixed length control field | 02185nam a2200529 i 4500 |
| 001 - Nr kontrolny bibl., która utworzyła rek. | |
| control field | xx005911502 |
| 003 - Siglum bibl., której nr kontr. jest w 001 | |
| control field | NUKAT |
| 005 - Data i czas ostatniej operacji | |
| control field | 20260313125730.0 |
| 008 - Elementy pola stałej długości | |
| fixed length control field | 260313s2020 pl a |000 0dpol c |
| 020 ## - ISBN | |
| ISBN | 9788395784804 |
| dopowiedzenie | (oprawa miękka) |
| 035 ## - Systemowy numer kontrolny | |
| systemowy numer kontrolny | (NUKAT)xx005911502 |
| 040 ## - Instytucja sporządzająca opis | |
| Instytucja, która sporządziła opis | OLSZT 008/bak |
| język katalgowania-trzyzn. kod | pol |
| zasady opisu | rda |
| Instytucja, która sporządziła rekord | OLSZT 008/bak |
| 045 2# - Okres czasu dla zawartości | |
| czas między r. 9999 pne a nasz. czas. | d1421 |
| -- | d2020 |
| 046 ## - Kod rodz. daty, data1, data2 (daty pne) | |
| Begin/single date | 2020 |
| 245 00 - Tytuł właściwy i oznaczenie odpow. | |
| tytuł | Kielczanie, Warmiacy i Mazurzy / |
| dod. inf. ze s. tyt./ozn. odpow. | pod redakcją Bolesława Pilarka. |
| 260 ## - Adres wydawniczy | |
| miejsce wydania, dystrybucji itp. | Olsztyn : |
| nazwa wydawcy, dystrybutora itp. | Stowarzyszenie Absolwentów Uniwersytetu Warmińsko-Mazurskiego w Olsztynie : |
| -- | Fundacja im. M. Oczapowskiego w Olsztynie : |
| -- | Klub Sympatyków Ziemi Świętokrzyskiej : |
| -- | Studio Wydawnicze Edycja, |
| data wydania, dystrybucji itp. | 2020. |
| 300 ## - Opis fizyczny | |
| objętość i/lub forma materiału | 254 strony : |
| inne szczegóły opisu fizycznego | ilustracje ; |
| format | 24 cm. |
| 336 ## - Content Type | |
| Term | Tekst |
| Code | txt |
| Source | rdacontent |
| 337 ## - Media Type | |
| Term | Bez urządzenia pośredniczącego |
| Code | n |
| Source | rdamedia |
| 338 ## - Carrier Type | |
| Term | Wolumin |
| Code | nc |
| Source | rdacarrier |
| 380 ## - Form of work | |
| Form of work | Książki |
| 380 ## - Form of work | |
| Form of work | Publikacje popularnonaukowe |
| 388 1# - TIME PERIOD OF CREATION | |
| Time period of creation term | 2001- |
| 536 ## - Uwaga o finansowaniu dokumentu | |
| tekst uwagi | Książka dofinansowana przez Warmińsko-Mazurski Urząd Marszałkowski w Olsztynie |
| 648 #7 - SUBJECT ADDED ENTRY--CHRONOLOGICAL TERM | |
| Chronological term | 1401-1500 |
| Source of heading or term | DBN |
| 9 (RLIN) | 36030 |
| 648 #7 - SUBJECT ADDED ENTRY--CHRONOLOGICAL TERM | |
| Chronological term | 1501-1600 |
| Source of heading or term | DBN |
| 9 (RLIN) | 36032 |
| 648 #7 - SUBJECT ADDED ENTRY--CHRONOLOGICAL TERM | |
| Chronological term | 1601-1700 |
| Source of heading or term | DBN |
| 9 (RLIN) | 36034 |
| 648 #7 - SUBJECT ADDED ENTRY--CHRONOLOGICAL TERM | |
| Chronological term | 1701-1800 |
| Source of heading or term | DBN |
| 9 (RLIN) | 36035 |
| 648 #7 - SUBJECT ADDED ENTRY--CHRONOLOGICAL TERM | |
| Chronological term | 1801-1900 |
| Source of heading or term | DBN |
| 9 (RLIN) | 36037 |
| 648 #7 - SUBJECT ADDED ENTRY--CHRONOLOGICAL TERM | |
| Chronological term | 1901-2000 |
| Source of heading or term | DBN |
| 9 (RLIN) | 34996 |
| 648 #7 - SUBJECT ADDED ENTRY--CHRONOLOGICAL TERM | |
| Chronological term | 2001- |
| Source of heading or term | DBN |
| 9 (RLIN) | 36393 |
| 650 #7 - Hasło przedmiotowe-nazwa pospolita | |
| nazwa pospolita lub geogr. | Mazurzy |
| źródło hasła | DBN |
| 9 (RLIN) | 38043 |
| 650 #7 - Hasło przedmiotowe-nazwa pospolita | |
| nazwa pospolita lub geogr. | Świadomość regionalna |
| źródło hasła | DBN |
| 9 (RLIN) | 36893 |
| 650 #7 - Hasło przedmiotowe-nazwa pospolita | |
| nazwa pospolita lub geogr. | Warmiacy |
| źródło hasła | DBN |
| 9 (RLIN) | 35174 |
| 651 #7 - Hasło przedmiotowe-nazwa geogr. | |
| nazwa geograficzna | Kielce (woj. świętokrzyskie) |
| źródło hasła | DBN |
| 9 (RLIN) | 38044 |
| 651 #7 - Hasło przedmiotowe-nazwa geogr. | |
| nazwa geograficzna | Mazury |
| źródło hasła | DBN |
| 9 (RLIN) | 35176 |
| 651 #7 - Hasło przedmiotowe-nazwa geogr. | |
| nazwa geograficzna | Warmia |
| źródło hasła | DBN |
| 9 (RLIN) | 35166 |
| 655 #7 - Termin określający rodzaj/formę | |
| rodzaj/forma | Praca zbiorowa |
| źródło terminu | DBN |
| 9 (RLIN) | 35107 |
| 658 ## - Nazwa określająca cel programu nauczania | |
| główny cel programu nauczania | Historia |
| 700 1# - Hasło dodatkowe - nazwa osobowa | |
| nazwa osobowa | Pilarek, Bolesław |
| daty biograficzne | (1944- ). |
| rodzaj współpracy | Redakcja |
| 9 (RLIN) | 19572 |
| 710 2# - Hasło dodatkowe - nazwa ciała zbior. | |
| nazwa ciała zbior. lub nazwa geogr. | Fundacja im. Michała Oczapowskiego (Olsztyn). |
| rodzaj współpracy | Wydawca |
| kod rodzaju współpracy | pbl |
| 9 (RLIN) | 38040 |
| 710 2# - Hasło dodatkowe - nazwa ciała zbior. | |
| nazwa ciała zbior. lub nazwa geogr. | Uniwersytet Warmińsko-Mazurski (Olsztyn). |
| nazwa jednostki podrzędnej | Klub Sympatyków Ziemi Świętokrzyskiej. |
| rodzaj współpracy | Wydawca |
| kod rodzaju współpracy | pbl |
| 9 (RLIN) | 38041 |
| 710 2# - Hasło dodatkowe - nazwa ciała zbior. | |
| nazwa ciała zbior. lub nazwa geogr. | Uniwersytet Warmińsko-Mazurski (Olsztyn). |
| nazwa jednostki podrzędnej | Stowarzyszenie Absolwentów. |
| rodzaj współpracy | Wydawca |
| kod rodzaju współpracy | pbl |
| 9 (RLIN) | 17321 |
| 710 2# - Hasło dodatkowe - nazwa ciała zbior. | |
| nazwa ciała zbior. lub nazwa geogr. | Studio Przygotowawcze Wydawnictw EDYCJA. |
| rodzaj współpracy | Wydawca |
| kod rodzaju współpracy | pbl |
| 9 (RLIN) | 38042 |
| 920 ## - ISBN | |
| ISBN | 978-83-957848-0-4 (oprawa miękka) |
| 942 ## - ADDED ENTRY ELEMENTS (KOHA) | |
| Source of classification or shelving scheme | Dewey Decimal Classification |
| Koha item type | pozycje dostępne na miejscu |
| Status wycofania | Status zagubienia | Klasyfikacja | Status uszkodzenia | Blokada wypożyczeń | Kolekcja | Lokalizacja macierzysta | Lokalizacja bieżąca | Data nabycia | Numer akcesji | Źródło akcesji | Cena | Nr inwentarzowy | il. wypożyczeń | Sygnatura | Kod kreskowy | Date last seen | Price effective from | Typ egz. |
|---|---|---|---|---|---|---|---|---|---|---|---|---|---|---|---|---|---|---|
| Dewey Decimal Classification | nieuszkodzona | książka w magazynie | Biblioteka Instytutu Północnego w Olsztynie | Biblioteka Instytutu Północnego w Olsztynie | 03/03/2026 | D-18/2026 | dar | 26.00 | 73845 | 73845 | IPWK22051 | 13/03/2026 | 13/03/2026 | pozycje dostępne na miejscu |